Europeans in West Africa, 1450-1560. Documents to illustrate the nature and scope of Portuguese enterprice in West Africa, the abortive attempt of Castilians to create an empire there, and the early english voyages to Barbary and Guinea. Translated and edited by John William Blake, M.A. Volume I, With two maps.Volume II, with one map

Uloženo v:
Podrobná bibliografie
Hlavní autor: Blake, John William (Autor)
Médium: Kniha
Jazyk:angličtina
Vydáno: Londres Hakluyt Society 1942
Vydání:1a. ed
Edice:Hakluyt Society, Second series, N§s 86, 87
Témata:
Tagy: Přidat tag
Žádné tagy, Buďte první, kdo vytvoří štítek k tomuto záznamu!

MARC

LEADER 00000nam a2200000 a 4500
001 UCJ5753
003 CL-VaPUC
008 070124e19420000UK |||||||||||||||||eng|d
082 0 4 |a 910.4  |b BLA  |2 21 
100 0 |a Blake, John William  |e author  |9 511448 
245 1 0 |a Europeans in West Africa, 1450-1560. Documents to illustrate the nature and scope of Portuguese enterprice in West Africa, the abortive attempt of Castilians to create an empire there, and the early english voyages to Barbary and Guinea. Translated and edited by John William Blake, M.A. Volume I, With two maps.Volume II, with one map 
250 |a 1a. ed 
300 |a 2 v 
942 |c BK 
945 |d 20070124 00:00:00  |a rinostro 
260 |a Londres  |b Hakluyt Society  |c 1942 
500 |a Mapas conforme al índice  
600 0 7 |a GOMEZ, FERNANDO  |2 CL-VaPUC  |9 511449 
600 0 7 |a AVELLAR, JOHAM  |2 CL-VaPUC  |9 511450 
600 0 7 |a RODRIGUEZ MASCARENHAS, JOAO  |2 CL-VaPUC  |9 511451 
600 0 7 |a HAWKINS, WILLIAM  |2 CL-VaPUC  |9 511452 
600 0 7 |a LANDYE, JOHN  |2 CL-VaPUC  |9 511453 
600 0 7 |a BAYLY, EDWARD  |2 CL-VaPUC  |9 511454 
600 0 7 |a FROBISHER, MARTIN  |2 CL-VaPUC  |9 510658 
650 0 |a Viajes  |9 257115 
650 0 |a Descubrimientos geográficos  |9 331933 
650 7 |a PORTUGUESES  |2 CL-VaPUC  |9 446290 
650 7 |a INGLESES  |2 CL-VaPUC  |9 511455 
650 0 |a Españoles  |9 266190 
650 0 |a Comercio  |9 255341 
650 0 |a Correspondencia  |9 258963 
650 7 |a DOCUMENTOS  |2 CL-VaPUC  |9 366450 
650 0 |a Diplomacia  |9 256483 
651 0 |a África  |9 256790 
583 |a last modification  |c 20070124 00:00:00  |k Rodrigo Vera 
490 0 |a Hakluyt Society, Second series, N§s 86, 87 
999 |c 321862  |d 321860 
952 |0 0  |1 0  |4 0  |6 910_400000000000000_BLA_1942  |7 0  |8 X  |9 400729  |a FDOBUD  |b FDOBUD  |d 2019-11-22  |h v.1  |i 1039067  |o 910.4 BLA 1942  |p 1039067  |r 2019-11-22  |w 2019-11-22  |y BK_X  |k BUD 
952 |0 0  |1 0  |4 0  |6 910_400000000000000_BLA_1942  |7 0  |8 X  |9 400730  |a FDOBUD  |b FDOBUD  |d 2019-11-22  |h v.2  |i 1039075  |o 910.4 BLA 1942  |p 1039075  |r 2019-11-22  |w 2019-11-22  |y BK_X  |k BUD